LIBRARY & INFORMATION CENTRE, KCAET, TAVANUR

ONLINE PUBLIC ACCESS CATALOGUE (OPAC)

Soil fertility and fertilizers / (Record no. 10742)

MARC details
000 -LEADER
fixed length control field 00447cam a2200169ua 4500
020 ## - INTERNATIONAL STANDARD BOOK NUMBER
ISBN 0-02-421160-4
041 ## - LANGUAGE CODE
Language code of text/sound track or separate title eng
082 ## - DEWEY DECIMAL CLASSIFICATION NUMBER
Classification number 631.8
Item number TIS/SO
100 ## - MAIN ENTRY--AUTHOR NAME
Personal name Tisdale, Samuel L.
245 ## - TITLE STATEMENT
Title Soil fertility and fertilizers /
260 ## - PUBLICATION, DISTRIBUTION, ETC. (IMPRINT)
Place of publication New York :
Name of publisher McGraw Hill Book Company ,
Year of publication 1975.
300 ## - PHYSICAL DESCRIPTION
Number of Pages 694 ; .
700 1# - ADDED ENTRY--PERSONAL NAME
Personal name Nelson, Warner L .
942 ## - ADDED ENTRY ELEMENTS (KOHA)
Koha item type Books
Holdings
Withdrawn status Lost status Damaged status Home library Current library Date acquired Full call number Accession Number Koha item type Collection code Shelving location
      KAUAET KAUAET 07/04/2012 631.8 14643 Books    
      KAUAET KAUAET 30/09/2022 631.8 TIS/SO 13641 Books General Books General Stacks
free website counter